El cuestionario : un instrumento para la investigación de las ciencias sociales /

Esta obra ofrece orientaciones metodológicas para el uso adecuado del cuestionario como instrumentos de obtención de información en un trabajo de investigación socioeducativa. Se centra en los principales aspectos del cuestionario: su utilidad para saber cuando puede ser realmente necesario aplicarl...

Descrición completa

Gardado en:
Detalles Bibliográficos
Autor Principal: Martínez Olmo, Francesc (autor)
Formato: Libro
Idioma:Lingua castelá
Publicado: Barcelona, España : Laertes, 2002, c2002
Series:(Psicopedagogía)
Temas:
Etiquetas: Engadir etiqueta
Sen Etiquetas, Sexa o primeiro en etiquetar este rexistro!

MARC

LEADER 00000nam^a2200000^a^4500
001 000153219
005 20250521000000.0
009 20260310100312.428
020 |a 84-7584-488-X 
037 |a Acervo ITESO - Biblioteca 
041 |a ESP 
082 |a 300. 1  |b MAR 
100 |a Martínez Olmo, Francesc  |e (autor) 
245 1 3 |a El cuestionario :  |b un instrumento para la investigación de las ciencias sociales /  |c F. Martínez Olmo. 
264 4 |a Barcelona, España :  |b Laertes,  |c 2002, c2002 
300 |a 111 p. 
336 |a texto  |b txt  |2 rdacontenido 
337 |a sin mediación  |b n  |2 rdamedio 
338 |a volumen  |b nc  |2 rdasoporte 
440 1 |a (Psicopedagogía) 
520 |a Esta obra ofrece orientaciones metodológicas para el uso adecuado del cuestionario como instrumentos de obtención de información en un trabajo de investigación socioeducativa. Se centra en los principales aspectos del cuestionario: su utilidad para saber cuando puede ser realmente necesario aplicarlo, su elaboración, especificando paso a paso los procesos a seguir para construirlo correctamente, el análisis del los resultados, ya sean estos numéricos o no, y el tipo de conclusiones a las que se puede llegar con su aplicación. 
649 |a XX 
650 |a Cuestionario 
650 |a Análisis Estadístico 
650 |a Metodología Cuantitativa 
650 |a Metodología Cualitativa 
650 |a Metodología 
650 |a Ciencias Sociales -  |x Investigación 
650 |a Ciencias Sociales -  |x Metodología 
910 |a Fondo General 
920 |a Impresos - Libros 
930 |a Colección General 
905 |a 101 
901 |a 0500081884  |b IT1  |c ACC  |u 20250521 
901 |a 0500102142  |b IT1  |c ACC  |u 20250521 
902 |a https://opac.biblio.iteso.mx/vufind/Record/000153219